[Event "GRE-chT Online Rapid op 1st"]
[Site "Tornelo INT"]
[Date "2021.02.21"]
[Round "6.22"]
[White "Kolomvas, Dimitrios"]
[Black "Darmarakis, Mihail"]
[Result "0-1"]
[WhiteElo "1904"]
[BlackElo "2230"]
[PlyCount "132"]
[EventDate "2021.02.20"]
[EventType "team-swiss (rapid)"]
[EventRounds "9"]
[EventCountry "GRE"]
[SourceTitle "EXT 2023"]
[Source "ChessBase"]
[SourceDate "2022.10.05"]
[SourceVersion "1"]
[SourceVersionDate "2022.10.05"]
[SourceQuality "1"]

1. Nf3 c5 2. g3 g6 3. Bg2 Bg7 4. 0-0 Nc6 5. e4 d6 6. c3 Bg4 7. h3 Bxf3 8. Qxf3 Nf6 9. d3 0-0 10. Qe2 Rb8 11. f4 Nd7 12. Be3 e6 13. a4 Qe7 14. Na3 d5 15. exd5 exd5 16. Bxd5 Rfe8 17. Rae1 Nd4 18. Qf2 Nf5 19. Bd2 Qd6 20. Be4 Qa6 21. Nc4 Nd6 22. Nxd6 Qxd6 23. f5 Re7 24. Bf4 Be5 25. Bxe5 Nxe5 26. f6 Re6 27. Re3 Nd7 28. Rf3 b6 29. g4 Rbe8 30. g5 c4 31. Qh4 Nc5 32. Qh6 Qf8 33. Qxf8+ Kxf8 34. Bd5 Re5 35. Bxc4 Rxg5+ 36. Kh2 Nxa4 37. R1f2 b5 38. Bb3 Nc5 39. Bc2 Re1 40. d4 Ne6 41. Bd3 a5 42. Re2 Rd1 43. h4 Rg4 44. Bxb5 Rxh4+ 45. Kg3 g5 46. Bc4 Nf4 47. Re7 Rg1+ 48. Kf2 Rg2+ 49. Ke3 Rxb2 50. Rxf7+ Ke8 51. Re7+ Kd8 52. Ra7 Ng2+ 53. Kd3 Ne1+ 54. Ke3 Nxf3 55. f7 Rf4 56. Ra8+ Kd7 57. f8Q Rxf8 58. Rxf8 Nd2 59. Rf7+ Kd6 60. Bd3 a4 61. c4 a3 62. Rxh7 Nb3 63. Rh6+ Ke7 64. Ra6 a2 65. Ra7+ Kd6 66. c5+ Kc6 0-1

[Event "Athens Kaissa op 1st"]
[Site "Athens"]
[Date "2009.09.20"]
[Round "3.3"]
[White "Anastasopoulos, Spyros"]
[Black "Kolomvas, Dimitrios"]
[Result "1-0"]
[WhiteElo "2166"]
[BlackElo "1903"]
[PlyCount "47"]
[EventDate "2009.09.13"]
[EventType "swiss"]
[EventRounds "7"]
[EventCountry "GRE"]
[SourceTitle "EXT 2024"]
[Source "ChessBase"]
[SourceDate "2023.10.10"]
[SourceVersion "1"]
[SourceVersionDate "2023.10.10"]
[SourceQuality "1"]

1. d4 Nf6 2. c4 c5 3. d5 b5 4. Nf3 Bb7 5. b3 bxc4 6. bxc4 g6 7. Bb2 Bg7 8. e4 d6 9. Nbd2 0-0 10. Bd3 Nbd7 11. Rb1 Qc7 12. 0-0 e6 13. dxe6 fxe6 14. Ng5 Rae8 15. f4 d5 16. e5 Nh5 17. Qg4 Qc6 18. Nxh7 Rxf4 19. Qxg6 Nf8 20. Qxh5 dxc4 21. Be4 Rxe4 22. Nf6+ Bxf6 23. exf6 Rh4 24. Qg5+ 1-0

[Event "Nikaia op 17th"]
[Site "Nikaia"]
[Date "2009.08.27"]
[Round "7"]
[White "Kolomvas, Dimitrios"]
[Black "Kokolias, Konstantinos"]
[Result "0-1"]
[WhiteElo "1880"]
[BlackElo "2133"]
[PlyCount "86"]
[EventDate "2009.08.22"]
[EventType "swiss"]
[EventRounds "9"]
[EventCountry "GRE"]
[SourceTitle "CBM 132 Extra"]
[Source "ChessBase"]
[SourceDate "2009.11.03"]
[SourceVersion "1"]
[SourceVersionDate "2009.11.03"]
[SourceQuality "1"]

1. Nf3 Nc6 2. d4 d5 3. g3 Bg4 4. Bg2 Nf6 5. 0-0 Bxf3 6. Bxf3 e5 7. dxe5 Nxe5 8. Bg2 c6 9. Be3 Bd6 10. Bd4 Qc7 11. Nd2 0-0-0 12. c4 dxc4 13. Qa4 b5 14. Qxa7 Qxa7 15. Bxa7 Bb4 16. Nf3 Nxf3+ 17. Bxf3 Kb7 18. Be3 Nd5 19. Bd4 f6 20. a4 Nb6 21. Bxb6 Kxb6 22. Rfd1 Bd2 23. Ra2 Rd6 24. a5+ Kc5 25. a6 Ra8 26. a7 Kb6 27. Rda1 Kb7 28. Ra6 Bb4 29. h4 Bc5 30. R6a5 Kb6 31. Ra6+ Kc7 32. Kg2 Bb6 33. Be4 h6 34. Kf3 Kb7 35. Kg4 Rxa7 36. Rxa7+ Bxa7 37. f4 Rd2 38. Bxc6+ Kxc6 39. Rxa7 Rxb2 40. Rxg7 Rxe2 41. Rg6 Re6 42. Kf5 Kd5 43. Rxh6 c3 0-1

[Event "Athens Acropolis op-B 24th"]
[Site "Chalkida"]
[Date "2009.08.13"]
[Round "4"]
[White "Kolomvas, Dimitrios"]
[Black "Vazelakis, Dimitrios"]
[Result "1-0"]
[WhiteElo "1880"]
[BlackElo "2028"]
[PlyCount "75"]
[EventDate "2009.08.10"]
[EventType "swiss"]
[EventRounds "9"]
[EventCountry "GRE"]
[SourceTitle "CBM 132 Extra"]
[Source "ChessBase"]
[SourceDate "2009.11.03"]
[SourceVersion "1"]
[SourceVersionDate "2009.11.03"]
[SourceQuality "1"]

1. Nf3 Nf6 2. g3 g6 3. Bg2 Bg7 4. 0-0 0-0 5. d3 d6 6. e4 c5 7. c3 e5 8. a3 Nc6 9. b4 h6 10. b5 Ne7 11. c4 Nh7 12. Nfd2 f5 13. exf5 gxf5 14. Bb2 f4 15. Nc3 Ng5 16. h4 Ne6 17. Nd5 Nf5 18. Ne4 Nfd4 19. Qh5 f3 20. Bh3 Ne2+ 21. Kh2 N2f4 22. gxf4 Nxf4 23. Nxf4 Rxf4 24. Kg3 Bxh3 25. Kxh3 Qd7+ 26. Kg3 Raf8 27. Rg1 R8f5 28. Qg6 Rg5+ 29. Nxg5 hxg5 30. Qxg5 Rf5 31. Qg4 Qf7 32. Kh3 Kf8 33. Rg3 Bh6 34. Bc1 Bxc1 35. Rxc1 Rf6 36. Qc8+ Ke7 37. Qxb7+ Ke6 38. Qxf7+ 1-0

[Event "Athens Acropolis op-B 24th"]
[Site "Chalkida"]
[Date "2009.08.12"]
[Round "2"]
[White "Kolomvas, Dimitrios"]
[Black "Rizos, Georgios"]
[Result "1-0"]
[WhiteElo "1880"]
[BlackElo "2163"]
[PlyCount "91"]
[EventDate "2009.08.10"]
[EventType "swiss"]
[EventRounds "9"]
[EventCountry "GRE"]
[SourceTitle "CBM 132 Extra"]
[Source "ChessBase"]
[SourceDate "2009.11.03"]
[SourceVersion "1"]
[SourceVersionDate "2009.11.03"]
[SourceQuality "1"]

1. Nf3 d6 2. g3 g6 3. Bg2 Bg7 4. 0-0 f5 5. d4 Nf6 6. c4 0-0 7. b4 c6 8. Bb2 Na6 9. Qb3 Nc7 10. Nbd2 h6 11. Rfe1 g5 12. e4 Nxe4 13. Nxe4 fxe4 14. Rxe4 Bf5 15. Re2 Qd7 16. Rae1 Rf7 17. d5 Bxb2 18. Rxb2 e5 19. dxc6 bxc6 20. Rd2 Re8 21. Nxe5 Re6 22. Nxd7 Rxe1+ 23. Bf1 Bh3 24. Rd1 Rfe7 25. Qb1 Rxd1 26. Qxd1 Bxf1 27. Kxf1 Rxd7 28. Qf3 d5 29. Qf6 dxc4 30. Qxc6 Re7 31. Qg6+ Rg7 32. Qxh6 Kf7 33. Qc6 Ne6 34. Qxc4 Kf6 35. Qc3+ Kf7 36. a4 Rg8 37. b5 Rd8 38. Qf3+ Ke7 39. a5 Rd4 40. Qb7+ Rd7 41. Qe4 Kf6 42. b6 axb6 43. axb6 Rd4 44. Qc6 Ke5 45. Qb5+ Ke4 46. b7 1-0

[Event "Glyfada Christmas op"]
[Site "Glyfada"]
[Date "2007.12.28"]
[Round "6"]
[White "Kolomvas, Dimitrios"]
[Black "Delithanasis, Dimitrios"]
[Result "0-1"]
[WhiteElo "1954"]
[BlackElo "2204"]
[PlyCount "170"]
[EventDate "2007.12.21"]
[EventType "swiss"]
[EventRounds "7"]
[EventCountry "GRE"]
[SourceTitle "EXT 2024"]
[Source "ChessBase"]
[SourceDate "2023.10.10"]
[SourceVersion "1"]
[SourceVersionDate "2023.10.10"]
[SourceQuality "1"]

1. d4 d6 2. c4 f5 3. Nc3 Nf6 4. g3 g6 5. Bg2 Bg7 6. Nf3 0-0 7. 0-0 Qe8 8. b4 e5 9. dxe5 dxe5 10. Qb3 Nc6 11. b5 Nd4 12. Nxd4 exd4 13. Nd5 Nxd5 14. Bxd5+ Kh8 15. Ba3 Rf6 16. Bc5 c6 17. bxc6 bxc6 18. Bf3 Qe5 19. Qa3 Bb7 20. Rab1 Rf7 21. Rfd1 Qe6 22. Qa4 Rd8 23. e3 d3 24. Qb3 Rfd7 25. Bxa7 Ba6 26. Bd4 Bxd4 27. exd4 Bxc4 28. Qb6 Bxa2 29. Rbc1 Rxd4 30. Rxc6 Qe5 31. Rc5 Qd6 32. Qa5 Bb3 33. Rb1 Bg8 34. Rc6 Qe7 35. Rc7 R8d7 36. Rbb7 Rxc7 37. Rxc7 Qf6 38. Rc6 Qg7 39. Rc7 Qf6 40. Rc6 Qf8 41. Qc3 Qg7 42. Rc7 Rd7 43. Qxg7+ Rxg7 44. Rxg7 Kxg7 45. Kf1 Kf6 46. Ke1 Ke5 47. Kd2 Kd4 48. Bc6 g5 49. f4 gxf4 50. gxf4 Bf7 51. Bb7 Bh5 52. Bc6 Bg4 53. Bb7 Bh3 54. Bc6 h5 55. Bb7 h4 56. Bc6 Bf1 57. Bb7 h3 58. Bc6 Bg2 59. Bb5 Bf1 60. Bc6 Be2 61. Bb7 Bh5 62. Bc6 Bf7 63. Bb7 Be6 64. Bc6 Bc8 65. Bf3 Ba6 66. Bc6 Bc4 67. Bb7 Bf7 68. Bc6 Bh5 69. Bb7 Bg4 70. Bc6 Be2 71. Bb7 Bf1 72. Bc6 Bg2 73. Bb5 Be4 74. Ba6 Kc5 75. Ke3 Kc6 76. Bxd3 Bxd3 77. Kxd3 Kd5 78. Ke3 Kc4 79. Kf3 Kd4 80. Kg3 Ke4 81. Kxh3 Kf3 82. Kh4 Kxf4 83. Kh3 Kf3 84. Kh4 Ke4 85. Kg5 f4 0-1

[Event "Heraklio op-B 11th"]
[Site "Heraklion"]
[Date "2007.06.14"]
[Round "6"]
[White "Kyriakoulakos, Anastasios"]
[Black "Kolomvas, Dimitrios"]
[Result "0-1"]
[WhiteElo "1405"]
[BlackElo "1680"]
[PlyCount "80"]
[EventDate "2007.06.09"]
[EventType "swiss"]
[EventRounds "9"]
[EventCountry "GRE"]
[SourceTitle "EXT 2008"]
[Source "ChessBase"]
[SourceDate "2007.11.25"]
[SourceVersion "1"]
[SourceVersionDate "2007.11.25"]
[SourceQuality "1"]

1. d4 Nf6 2. c4 c5 3. d5 b5 4. b3 g6 5. Bb2 Bg7 6. Nd2 bxc4 7. bxc4 0-0 8. e4 d6 9. Bd3 Nbd7 10. Ne2 Rb8 11. Nb3 Nb6 12. 0-0 Na4 13. Bxf6 Bxf6 14. Rb1 Bd7 15. Qd2 Qc7 16. Rfc1 Rb4 17. h3 Rfb8 18. f4 Bc8 19. g4 Ba6 20. Rc2 Nb6 21. Rbc1 Nd7 22. g5 Bg7 23. f5 Ne5 24. Kg2 Bc8 25. Ng3 a5 26. Na1 a4 27. a3 Rb1 28. Be2 Nxc4 29. Rxc4 Rxa1 30. Rxa1 Bxa1 31. Rxa4 Be5 32. fxg6 fxg6 33. Qa5 Qb7 34. Qe1 Qb2 35. Ra7 Rb3 36. Ra8 Rxg3+ 37. Kf1 Qb7 38. Qa5 Kg7 39. Ra7 Bxh3+ 40. Kf2 Rg2+ 0-1

[Event "Heraklio op-B 11th"]
[Site "Heraklion"]
[Date "2007.06.13"]
[Round "5"]
[White "Kolomvas, Dimitrios"]
[Black "Koursaris, Nikolaos"]
[Result "1/2-1/2"]
[WhiteElo "1680"]
[BlackElo "1720"]
[PlyCount "129"]
[EventDate "2007.06.09"]
[EventType "swiss"]
[EventRounds "9"]
[EventCountry "GRE"]
[SourceTitle "EXT 2008"]
[Source "ChessBase"]
[SourceDate "2007.11.25"]
[SourceVersion "1"]
[SourceVersionDate "2007.11.25"]
[SourceQuality "1"]

1. d4 Nf6 2. c4 e6 3. Nc3 Bb4 4. Qc2 0-0 5. a3 Bxc3+ 6. Qxc3 Ne4 7. Qc2 d5 8. Nf3 Nd7 9. Bf4 c6 10. e3 f5 11. Bd3 Ndf6 12. 0-0 Nh5 13. Ne5 g5 14. f3 dxc4 15. Bxc4 gxf4 16. fxe4 fxe3 17. exf5 Qxd4 18. Nf3 Qf6 19. Qe4 Qxf5 20. Qxe3 Nf4 21. Nd4 Qg4 22. g3 Nd5 23. Rxf8+ Kxf8 24. Rf1+ Kg8 25. Qe5 Qg7 26. Qe4 Qg6 27. Qf3 Bd7 28. Bd3 Qg7 29. Qe4 Re8 30. Nf3 Nf6 31. Qh4 Rf8 32. Ne5 Be8 33. Rf4 Bg6 34. Bc4 Nd5 35. Nxg6 hxg6 36. Rxf8+ Qxf8 37. Bd3 Kg7 38. Qd4+ Qf6 39. Qxa7 Qxb2 40. Qc5 Qb6 41. Qxb6 Nxb6 42. Kf2 Kf6 43. Ke3 e5 44. h4 Nd5+ 45. Ke4 b5 46. g4 Nf4 47. Bc2 c5 48. a4 bxa4 49. Bxa4 Ke6 50. Bd1 c4 51. h5 Nd3 52. h6 Nc5+ 53. Ke3 Kf7 54. Be2 c3 55. Bc4+ Kf8 56. Bd5 g5 57. Bc4 Nd7 58. Kd3 Nf6 59. Be6 Ne8 60. Kxc3 Nd6 61. Kd3 Nf7 62. h7 Nh8 63. Ke4 Kg7 64. Bf5 Nf7 65. Kd5 1/2-1/2

[Event "Heraklio op-B 11th"]
[Site "Heraklion"]
[Date "2007.06.12"]
[Round "4"]
[White "Samartzis, Mihail"]
[Black "Kolomvas, Dimitrios"]
[Result "1/2-1/2"]
[WhiteElo "1485"]
[BlackElo "1680"]
[PlyCount "130"]
[EventDate "2007.06.09"]
[EventType "swiss"]
[EventRounds "9"]
[EventCountry "GRE"]
[SourceTitle "EXT 2008"]
[Source "ChessBase"]
[SourceDate "2007.11.25"]
[SourceVersion "1"]
[SourceVersionDate "2007.11.25"]
[SourceQuality "1"]

1. e4 c5 2. Nf3 Nc6 3. Bb5 g6 4. 0-0 Bg7 5. c3 e5 6. d3 Nge7 7. Bg5 Qb6 8. Na3 0-0 9. Bxc6 Nxc6 10. Nc4 Qc7 11. Ne3 f6 12. Nd5 Qd8 13. Bh4 d6 14. Ne1 g5 15. Bg3 f5 16. f3 f4 17. Bf2 Be6 18. c4 h5 19. a3 g4 20. Kh1 Rf7 21. b4 Nd4 22. Nc2 Qg5 23. Nxd4 exd4 24. Qe1 Be5 25. Bh4 Qg7 26. Rb1 Kh8 27. bxc5 Rg8 28. Qe2 dxc5 29. a4 Qh6 30. Ne7 Rgg7 31. Nf5 Bxf5 32. exf5 Rxf5 33. Qe4 Qg6 34. Rxb7 gxf3 35. Qxf3 Rff7 36. Rxf7 Qxf7 37. Re1 Bd6 38. Qc6 Rg6 39. Qa8+ Kh7 40. Qe4 Kh6 41. Qe8 Qxe8 42. Rxe8 Rg4 43. Re6+ Rg6 44. Rxg6+ Kxg6 45. h3 Kf5 46. Kg1 a6 47. Kf2 Bf8 48. Ke2 Bd6 49. Kd2 Bf8 50. Ke2 Bd6 51. Kf3 Bf8 52. Bd8 Bd6 53. Bb6 Ke5 54. Ba5 Kf5 55. Bd2 Bc7 56. Be1 Bd6 57. Bh4 Bf8 58. g3 fxg3 59. Bxg3 Be7 60. Bc7 Bf8 61. Kg3 Be7 62. Bb8 Bf8 63. Kh4 Kg6 64. Kg3 Kf5 65. Bc7 Be7 1/2-1/2